| 000 | 00369pam a2200133 a 4500 | ||
|---|---|---|---|
| 020 | _c | ||
| 041 | _aeng | ||
| 082 |
_a515.352 _bKRC |
||
| 100 | _aKrccsnov, M.L, Kiselyov, A.I Makarenko, G.I. | ||
| 245 |
_aA Book of Problems in ordinary Differential Equations. _hTextual Documents |
||
| 260 |
_aMoscow: _bM I R Publications , _c1981. |
||
| 300 | _a329p. | ||
| 930 | _a16948 | ||
| 999 |
_c93848 _d93848 |
||